00950cam a22002535a 450000500170000000800410001702000180005804000380007608200200011410000210013424500680015526000750022330000340029850000260033250400330035865000330039165000290042465100100045365300250046370000260048894200080051499900170052295201570053920201128024042.0161206t2015 ii a frb 001 0 eng d a9789384588618 aEG-ScBUEbengcEG-ScBUEdEG-ScBUE04222a624.15bKHI1 aKhitoliya, R. K.10aFoundation engineering /cR. K. Khitoliya, Pardeep Kumar Gupta. aNew Delhi :bI. K. International Publishing House Pvt. Ltd., cc.2015. axiv, 586 p. :bill. ;c24 cm. aIndex : p. [581]-586. aBibliography : p. [565]-580. 72BUEsh92673aSoil mechanics. 796850aFoundations2BUEsh 2BUEsh bENGGENcDecember20161 aGupta, Pardeep Kumar. 2ddc c23465d23437 00102ddc40708BaccahaMAINbMAINc1STd2016-12-06ePurchaseg186.00h25145l1m2o624.15 KHIp000040231r2025-07-15 00:00:00s2017-10-01v3232.50yBB